Patología de la permeabilidad como teoría del comienzo de enfermedad / (Record no. 59682)

MARC details
000 -LEADER
campo de control de longitud fija 01016nam a2200241 i 4500
001 - NÚMERO DE CONTROL
campo de control 59682
003 - IDENTIFICADOR DE NÚMERO DE CONTROL
campo de control ES-MaACL
005 - FECHA Y HORA DE LA ÚLTIMA TRANSACCIÓN
campo de control 20250401175331.0
007 - CAMPO FIJO DE DESCRIPCIÓN FÍSICA--INFORMACIÓN GENERAL
campo de control de longitud fija t|
008 - DATOS DE LONGITUD FIJA--INFORMACIÓN GENERAL
campo de control de longitud fija 031030s1952 sp ||||1| spa d
100 1# - ENTRADA PRINCIPAL--NOMBRE DE PERSONA
Nombre de persona Eppinger, Hans.
9 (RLIN) 47326
245 10 - MENCIÓN DEL TÍTULO
Título Patología de la permeabilidad como teoría del comienzo de enfermedad /
Mención de responsabilidad, etc. por Hans Eppinger ; versión española por José Mª Plá Janini.
260 ## - PUBLICACIÓN, DISTRIBUCIÓN, ETC.
Lugar de publicación, distribución, etc. Barcelona :
Nombre del editor, distribuidor, etc. [s.n.,
Fecha de publicación, distribución, etc. 1952] (
Fabricante Talls. Gráfs. Iberoamericanos)
300 ## - DESCRIPCIÓN FÍSICA
Extensión XV, 696 p. :
Otras características físicas il. ;
Dimensiones 25 cm.
510 ## - NOTA DE CITAS O REFERENCIAS BIBLIOGRÁFICAS
Nombre de la fuente CCPB,
Localización dentro de la fuente 001327532-1
650 #4 - PUNTO DE ACCESO ADICIONAL DE MATERIA--TÉRMINO DE MATERIA
9 (RLIN) 12595
Término de materia o nombre geográfico como elemento de entrada Etiología médica
700 1# - ENTRADA AGREGADA--NOMBRE PERSONAL
Nombre de persona Pla Janini, José María.
9 (RLIN) 92495
852 ## - LOCALIZACIÓN
Ubicación ES-MaACL
Número de control de estantería D-6416
Sublocalización o colección R.32523
-- R.M. 6011
itemnumber 61953
Ubicación en estantería Sala Valle Inclán
Marcas de propiedad Sello en tinta azul de la Biblioteca del Ateneo de Madrid
Encuadernación Encuadernación en tela marrón
942 ## - ELEMENTOS DE ENTRADA SECUNDARIOS (KOHA)
Fuente del sistema de clasificación o colocación Clasificación decimal universal
Tipo de ítem Koha Libro impreso
Holdings
Estatus retirado Estado de pérdida Estado de daño No para préstamo Biblioteca de origen Biblioteca actual Ubicación en estantería Fecha de adquisición Fuente de adquisición Total de préstamos Signatura topográfica completa Código de barras Visto por última vez Precio de reemplazo Tipo de ítem Koha
        Biblioteca del Ateneo de Madrid Biblioteca del Ateneo de Madrid Sala Valle Inclán 17/01/2008     D-6416 901062598 23/02/2023 23/02/2023 Libro impreso